| 000 | 00416nam a2200145Ia 4500 | ||
|---|---|---|---|
| 003 | OSt | ||
| 005 | 20260128151709.0 | ||
| 008 | 211028s2018 xx 000 0 und d | ||
| 040 | _cAIMIT LIBRARY | ||
| 041 | _aeng | ||
| 100 |
_aDeeksha; Thomas, Babu. _g1616035 _97792 |
||
| 245 | _aStudy of training programme in auto CNC machining limited Bangalore / | ||
| 260 |
_aMangalore _bBabu Thomas. _c2018 |
||
| 942 |
_2ddc _cPRO |
||
| 999 |
_c219360 _d219360 |
||